000 00588nam a2200205 4500
003 OSt
005 20240704060936.0
006 a
008 240704b |||||||| |||| 00| 0 eng d
020 _a9780495112563
040 _aDWCL-Main lib.
_cOC
082 _2Third edition
_aCirc. 540 M822c 2008
100 _aMoore, John W.
245 _aChemistry : the molecular science /
260 _aUSA:
_bThomson Brooks/Cole,
_cc2008.
300 _axxix,
_b(various paging): col.;
_c28cm.
504 _aIncludes index.
650 _a1. Chemistry-textbooks.
942 _2ddc
_n0
_cBK-CIRC
_kCirc.
999 _c1947
_d1947